Frommer's Denmark.
| Main Author: | |
|---|---|
| Other Authors: | |
| Format: | Book |
| Published: |
Hoboken:
Wiley Publishing,
2005.
|
| Edition: | 4th ed. |
| Series: | Frommer's
|
| Subjects: |
| LEADER | 00571cam a2200205 7i4500 | ||
|---|---|---|---|
| 001 | 0000016707 | ||
| 005 | 20060104090000.0 | ||
| 020 | 0 | 0 | |a 0-7645-7824-3 |
| 090 | 0 | 0 | |a DENM 914.89 |b POR |
| 100 | 1 | 0 | |a Porter |
| 245 | 1 | 0 | |a Frommer's Denmark. |
| 250 | 0 | 0 | |a 4th ed. |
| 260 | 0 | 0 | |a Hoboken: |b Wiley Publishing, |c 2005. |
| 300 | # | # | |a 404 p. |
| 440 | 0 | 0 | |a Frommer's |
| 650 | 0 | 0 | |a Denmark -- |x Guidebooks |
| 650 | 0 | 0 | |a Denmark -- |x Description and travel -- |x Guidebooks |
| 651 | 0 | 0 | |a Denmark |
| 700 | 1 | 1 | |a Bairstow, |h Lynne |
| 999 | |a B000017833 |b Book |c Countries |e Business Information Centre | ||


